000 00573nam a2200217Ia 4500
003 OSt
005 20220928145735.0
006 a|||||r|||| 00| 0
007 ta
008 220927b |||||||| |||| 00| 0 eng d
024 _a83000
037 _cTextual
040 _aSDCL
_cSDCL
_beng
041 _2eng
_aeng
082 _aO-,1K88:gx, K8
100 _aO'Neill Judith Ed.
_9394180
245 0 _aCritics on Pope
_b Readings in literary criticism
260 _c1968
942 _hO-,1K88:gx, K8
_cTEXL
_2CC
999 _c835418
_d835418